| 000 | 00000nas##2200000za#4500 |
|---|---|
| 001 | 9.509546 |
| 003 | CaOODSP |
| 005 | 20210615082523 |
| 007 | ta |
| 008 | 150406c1999||||xxc|| m #||||f| |0eng|d |
| 022 | |a1188-4495 |
| 040 | |aCaOODSP|beng |
| 041 | |aeng |
| 041 | |afre |
| 043 | |an-cn--- |
| 086 | 1 |aNH18-22 |
| 110 | 2 |aCanada Mortgage and Housing Corporation. |
| 245 | 10|aResearch Highlights; technical series |
| 260 | |aOttawa - Ontario : |bCanada Mortgage and Housing Corporation |
| 563 | |aPamphlet |
| 792 | |tLe point en recherche; série technique |efre|w(CaOODSP)9.509547 |